[Event "Autonomico-chT"]
[Site "Aragon"]
[Date "2005.04.02"]
[Round "9.24"]
[White "Sarto Ramos, Angel"]
[Black "Iglesias Soria, Antonio"]
[Result "1-0"]
[WhiteElo "2070"]
[BlackElo "2063"]
[PlyCount "95"]
[EventDate "2005.01.22"]
[EventType "team"]
[EventRounds "12"]
[EventCountry "ESP"]
[SourceTitle "EXT 2006"]
[Source "ChessBase"]
[SourceDate "2005.11.24"]
[SourceVersion "1"]
[SourceVersionDate "2005.11.24"]
[SourceQuality "1"]

1. d4 g6 2. e4 Bg7 3. Nc3 d6 4. Be3 a6 5. Qd2 b5 6. a3 Nd7 7. Rd1 Bb7 8. f3 Rc8 9. Nge2 h5 10. Nf4 g5 11. Nd3 g4 12. Be2 e5 13. dxe5 Nxe5 14. Nxe5 Bxe5 15. f4 Bg7 16. 0-0 Ne7 17. Qe1 Qd7 18. f5 Be5 19. Bf4 Qc6 20. Bxe5 dxe5 21. Qh4 Qh6 22. Rd3 f6 23. Rfd1 Bc6 24. h3 g3 25. Rxg3 Kf7 26. Rgd3 Rcg8 27. Bf3 Rg5 28. Qf2 Rhg8 29. h4 R5g7 30. Qe2 Rg4 31. Bxg4 Rxg4 32. g3 Qf4 33. Qf3 Qh6 34. Kh2 Qg7 35. Nd5 Bxd5 36. Rxd5 Nxd5 37. Rxd5 Ke8 38. Qc3 Qe7 39. Qc6+ Kf8 40. Rd7 Qe8 41. Qxf6+ Kg8 42. Rd8 Qxd8 43. Qxd8+ Kh7 44. Qxc7+ Rg7 45. Qxe5 Rd7 46. f6 Rd2+ 47. Kh3 b4 48. Qg5 1-0

[Event "Autonomico-chT"]
[Site "Aragon"]
[Date "2005.03.05"]
[Round "6.24"]
[White "Lafarga Bueno, Daniel"]
[Black "Iglesias Soria, Antonio"]
[Result "1-0"]
[WhiteElo "1844"]
[BlackElo "2063"]
[PlyCount "121"]
[EventDate "2005.01.22"]
[EventType "team"]
[EventRounds "12"]
[EventCountry "ESP"]
[SourceTitle "EXT 2006"]
[Source "ChessBase"]
[SourceDate "2005.11.24"]
[SourceVersion "1"]
[SourceVersionDate "2005.11.24"]
[SourceQuality "1"]

1. e4 c5 2. Nf3 d6 3. d4 cxd4 4. Nxd4 Nf6 5. Nc3 a6 6. Bc4 e6 7. Bb3 b5 8. Bg5 Nbd7 9. f4 Bb7 10. a3 Qb6 11. Bxf6 Nxf6 12. Qd3 d5 13. exd5 Bc5 14. 0-0-0 Rd8 15. Nf3 0-0 16. Rhe1 exd5 17. Ne5 Qa5 18. g4 b4 19. axb4 Bxb4 20. g5 Ne4 21. Rxe4 dxe4 22. Bxf7+ Rxf7 23. Qxd8+ Rf8 24. Qxa5 Bxa5 25. Rd7 Bc8 26. Rd4 Rxf4 27. Rxe4 Rf1+ 28. Kd2 Rf2+ 29. Re2 Rf5 30. Nc6 Rd5+ 31. Kc1 Bxc3 32. Ne7+ Kf7 33. Nxd5 Bd4 34. Re7+ Kg6 35. Re4 Bg1 36. Ne7+ Kxg5 37. Nxc8 Bxh2 38. c4 h5 39. c5 h4 40. c6 h3 41. Re1 Bf4+ 42. Kd1 h2 43. Ne7 Kg4 44. Nd5 Bg3 45. c7 Bxc7 46. Nxc7 Kf3 47. Nxa6 g5 48. Rh1 Kg2 49. Rxh2+ Kxh2 50. Nc5 g4 51. Ne4 g3 52. Nxg3 Kxg3 53. Kc2 Kf4 54. Kc3 Ke5 55. Kb4 Kd6 56. Kb5 Kc7 57. Ka6 Kb8 58. Kb6 Ka8 59. b4 Kb8 60. b5 Ka8 61. Kc7 1-0

[Event "Autonomico-chT"]
[Site "Aragon"]
[Date "2005.02.05"]
[Round "2.32"]
[White "Pache Marconell, Juan Manuel"]
[Black "Iglesias Soria, Antonio"]
[Result "1/2-1/2"]
[WhiteElo "1500"]
[BlackElo "2063"]
[PlyCount "107"]
[EventDate "2005.01.22"]
[EventType "team"]
[EventRounds "12"]
[EventCountry "ESP"]
[SourceTitle "EXT 2006"]
[Source "ChessBase"]
[SourceDate "2005.11.24"]
[SourceVersion "1"]
[SourceVersionDate "2005.11.24"]
[SourceQuality "1"]

1. e4 c5 2. Nf3 d6 3. d4 cxd4 4. Nxd4 Nf6 5. Nc3 a6 6. Bg5 e6 7. Qf3 Nbd7 8. 0-0-0 Qc7 9. Qg3 b5 10. a3 Bb7 11. Bd3 b4 12. axb4 Qb6 13. Nb3 Qxb4 14. Bd2 Rc8 15. Rhe1 g6 16. f4 Bg7 17. Nb5 Qxb3 18. Nxd6+ Ke7 19. Nxc8+ Rxc8 20. Bc3 Rxc3 21. bxc3 Qxc3 22. e5 Nd5 23. Be4 Qa1+ 24. Kd2 Qa5+ 25. c3 Qa2+ 26. Bc2 Nc5 27. Rb1 h5 28. Qf2 Qc4 29. Qd4 Qxd4+ 30. cxd4 Nxf4 31. dxc5 Bxg2 32. Be4 Bh6 33. Kc2 Bxe4+ 34. Rxe4 Kd7 35. Rb6 a5 36. Ra4 Nd5 37. Rxa5 Nxb6 38. cxb6 Kc6 39. Rb5 Kb7 40. Kd3 Bf4 41. Kc4 Bxh2 42. Rb1 Bxe5 43. Kb5 Bd4 44. Rf1 f6 45. Rf4 Bxb6 46. Rxf6 g5 47. Rxe6 Bd8 48. Kc4 Kc7 49. Kd4 Kd7 50. Rg6 h4 51. Ke3 Be7 52. Kf3 Ke8 53. Rxg5 Bxg5 54. Kg2 1/2-1/2